[Event "Florianopolis op"]
[Site "Florianopolis"]
[Date "2024.05.18"]
[Round "3"]
[White "Da Silva, Cesar Andre"]
[Black "Vianna, Tulio Lima"]
[Result "1/2-1/2"]
[WhiteElo "1804"]
[BlackElo "1680"]
[PlyCount "124"]
[EventDate "2024.05.16"]
[EventType "swiss"]
[EventRounds "6"]
[EventCountry "BRA"]
[SourceTitle "EXT 2025"]
[Source "ChessBase"]
[SourceDate "2024.10.14"]
[SourceVersion "1"]
[SourceVersionDate "2024.10.14"]
[SourceQuality "1"]

1. e4 c5 2. Nf3 g6 3. d4 cxd4 4. Nxd4 Nc6 5. Nc3 Bg7 6. Be3 Nf6 7. Bc4 Qa5 8. 0-0 0-0 9. f3 d6 10. Qd2 Qd8 11. Rad1 Bd7 12. a3 Rc8 13. Bb3 Na5 14. Bh6 Nxb3 15. Nxb3 Qc7 16. Bxg7 Kxg7 17. Rf2 Rfd8 18. Nd4 a6 19. h4 h5 20. Nd5 Nxd5 21. exd5 Qc5 22. Qg5 f6 23. Qe3 Kf7 24. Re1 Re8 25. Rfe2 e5 26. dxe6+ Bxe6 27. c3 Bc4 28. Qh6 Rxe2 29. Qh7+ Ke8 30. Qxg6+ Kd8 31. Rxe2 Bxe2 32. Qxf6+ Kc7 33. Qe7+ Kb8 34. Qxe2 Qe5 35. Qf2 Re8 36. g4 hxg4 37. fxg4 Qe4 38. g5 Qg4+ 39. Kh2 Re4 40. Qg3 Qxh4+ 41. Qxh4 Rxh4+ 42. Kg3 Re4 43. Nf5 d5 44. g6 Re6 45. g7 Rg6+ 46. Kf4 Kc7 47. Ke5 Kd7 48. Kxd5 b6 49. b4 Ke8 50. c4 Kf7 51. Ke5 Re6+ 52. Kf4 Rc6 53. c5 bxc5 54. bxc5 a5 55. Kg5 Rxc5 56. Kf4 Rc3 57. Ke5 Rxa3 58. Nd6+ Kxg7 59. Nf5+ Kf7 60. Nd6+ Ke7 61. Nc4 Ra1 62. Kd5 Rc1 1/2-1/2

[Event "Sao Paulo Hebraica op 31st"]
[Site "Sao Paulo"]
[Date "2023.07.02"]
[Round "5"]
[White "Vianna, Tulio Lima"]
[Black "Silva Torres, Joao Pedro"]
[Result "1-0"]
[WhiteElo "1489"]
[BlackElo "1803"]
[PlyCount "69"]
[EventDate "2023.06.30"]
[EventType "swiss"]
[EventRounds "6"]
[EventCountry "BRA"]
[SourceTitle "CBM 215 Extra"]
[Source "ChessBase"]
[SourceDate "2023.09.30"]
[SourceVersion "1"]
[SourceVersionDate "2023.09.30"]
[SourceQuality "1"]

1. d4 Nf6 2. c4 g6 3. Nc3 Bg7 4. e4 d6 5. Bd3 Nc6 6. Nge2 0-0 7. a3 Nd7 8. d5 Nce5 9. f4 Nxd3+ 10. Qxd3 Nc5 11. Qc2 a5 12. a4 e6 13. 0-0 exd5 14. cxd5 c6 15. Rb1 Qb6 16. Be3 Re8 17. Ng3 Qb3 18. Qxb3 Nxb3 19. Rbd1 Bg4 20. Rd3 Nc5 21. Bxc5 dxc5 22. h3 Bd4+ 23. Kh2 Bd7 24. e5 b5 25. d6 f5 26. axb5 Kf7 27. Nge2 Bxc3 28. Rxc3 cxb5 29. Rxc5 Rec8 30. Rfc1 Rxc5 31. Rxc5 Rc8 32. Rxc8 Bxc8 33. Nd4 Ba6 34. e6+ Kf8 35. d7 1-0

[Event "Florianopolis Spring op 2nd"]
[Site "Florianopolis"]
[Date "2022.10.22"]
[Round "4"]
[White "Dias, Joao Batista de Sou"]
[Black "Vianna, Tulio Lima"]
[Result "1-0"]
[WhiteElo "1794"]
[BlackElo "1451"]
[PlyCount "87"]
[EventDate "2022.10.21"]
[EventType "swiss"]
[EventRounds "6"]
[EventCountry "BRA"]
[SourceTitle "EXT 2024"]
[Source "ChessBase"]
[SourceDate "2023.10.10"]
[SourceVersion "1"]
[SourceVersionDate "2023.10.10"]
[SourceQuality "1"]

1. e4 c5 2. f4 Nc6 3. Nf3 g6 4. c3 d5 5. d3 dxe4 6. dxe4 Qxd1+ 7. Kxd1 Bg7 8. Be3 b6 9. Nbd2 e6 10. Bb5 Nge7 11. h4 h5 12. Rg1 a6 13. Be2 e5 14. g3 f5 15. Nc4 fxe4 16. Nd6+ Kd7 17. Nxe4 Nd5 18. Bd2 exf4 19. gxf4 Nde7 20. Kc2 Kc7 21. Rae1 Bf5 22. Bd3 Nd5 23. Nfg5 Rhe8 24. Nf2 Bxd3+ 25. Nxd3 Kd7 26. Nf7 Rxe1 27. Nxe1 Ke7 28. Ng5 Rf8 29. Ng2 Kd7 30. a3 c4 31. Rd1 Ke7 32. Re1+ Kd7 33. Rd1 Ke7 34. Bc1 Nc7 35. Be3 b5 36. Bc5+ Ke8 37. Bxf8 Bxf8 38. Ne3 Ke7 39. Nd5+ Nxd5 40. Rxd5 Bg7 41. Rd1 Nd8 42. Kd2 Nb7 43. Re1+ Kd7 44. Re6 1-0

[Event "BRA-ch Amateur U1600"]
[Site "Sao Paulo"]
[Date "2022.06.17"]
[Round "4"]
[White "Volpato, Alzir"]
[Black "Vianna, Tulio Lima"]
[Result "1-0"]
[WhiteElo "1803"]
[BlackElo "1451"]
[PlyCount "65"]
[EventDate "2022.06.16"]
[EventType "swiss"]
[EventRounds "7"]
[EventCountry "BRA"]
[SourceTitle "CBM 208 Extra"]
[Source "ChessBase"]
[SourceDate "2022.07.31"]
[SourceVersion "1"]
[SourceVersionDate "2022.07.31"]
[SourceQuality "1"]

1. e4 c5 2. Nf3 g6 3. c3 Nc6 4. d4 cxd4 5. cxd4 Bg7 6. Bc4 e6 7. Nc3 Nge7 8. d5 Ne5 9. Nxe5 Bxe5 10. f4 Bg7 11. d6 Nc6 12. 0-0 a6 13. a4 0-0 14. f5 b6 15. Bd2 exf5 16. exf5 Be5 17. Bf4 Bb7 18. fxg6 hxg6 19. Qg4 Bxf4 20. Qxg6+ Kh8 21. Qh5+ Kg7 22. Rxf4 f5 23. Raf1 Qf6 24. R1f3 Rh8 25. Qxf5 Qxf5 26. Rxf5 Rh6 27. Rg3+ Kh8 28. Nd5 Nd4 29. Rf7 Rd8 30. Rgg7 Ne6 31. Rxd7 Rxd7 32. Rxd7 Bxd5 33. Bxd5 1-0

[Event "Pocos de Caldas op"]
[Site "Pocos de Caldas"]
[Date "2022.03.12"]
[Round "3"]
[White "Vianna, Tulio Lima"]
[Black "Pereira Junior, Ciro Bernardes"]
[Result "0-1"]
[WhiteElo "1827"]
[BlackElo "1802"]
[PlyCount "88"]
[EventDate "2022.03.11"]
[EventType "swiss"]
[EventRounds "6"]
[EventCountry "BRA"]
[SourceTitle "CBM 207 Extra"]
[Source "ChessBase"]
[SourceDate "2022.05.31"]
[SourceVersion "1"]
[SourceVersionDate "2022.05.31"]
[SourceQuality "1"]

1. d4 d5 2. c4 e6 3. Nc3 Nf6 4. Bg5 Be7 5. e3 0-0 6. Nf3 b6 7. cxd5 Nxd5 8. Bxe7 Qxe7 9. Bd3 Bb7 10. Rc1 Rc8 11. 0-0 Nd7 12. Re1 Nxc3 13. Rxc3 c5 14. dxc5 Rxc5 15. Rxc5 Nxc5 16. Bc2 Rd8 17. Qe2 Ba6 18. Bxh7+ Kxh7 19. Qc2+ Bd3 20. Qc3 Be4 21. Ne5 Qf6 22. f3 Nd3 23. Rd1 Nxe5 24. Rxd8 Qxd8 25. Qxe5 Bg6 26. Qf4 f6 27. Qb4 e5 28. Kf2 Qd5 29. a3 Qc5 30. Qxc5 bxc5 31. f4 c4 32. fxe5 fxe5 33. Kg3 Bf5 34. Kf3 g5 35. g3 g4+ 36. Ke2 Bd3+ 37. Kd2 e4 38. Kc3 Kg6 39. Kd4 Kf6 40. Kd5 a6 41. Kc5 Ke5 42. Kb6 Kd5 43. a4 Be2 44. a5 Bf1 0-1